Motorsports Of The World - Statistics

General Stats
  • This quiz has been taken 198 times
  • The average score is 10 of 20
Answer Stats
Picture Answer % Correct
Formula 1
100%
Nascar
98%
World Rally Championship
95%
Formula E
92%
Moto GP
92%
Indycar
90%
Karting
81%
IMSA
62%
Monster Jam
62%
NHRA
51%
BTCC
39%
Supercars
38%
Arca
26%
World Of Outlaws
22%
Trans Am
19%
AMA Supercross
17%
Stadium Supertrucks
16%
Cars Tour
13%
SRX*
13%
IROC*
10%
No matching quizzes found
Score Distribution
Percent of People with Each Score
Percentile by Number Answered
Your Score History
You have not taken this quiz